00606nam a2200169 a 4500008004100000020001500041050001300056100001600069245003700085246002300122260003900145300002200184350000900206995008300215999001700298952012100315120416s1991 ||||||||||||||||| || u a0821317768 aIBRD(08) aKelly, M. J10aEducation in a declining economy athe case of Zambia aWasington, D. C.bWorld Bankc1991 axvi, 207p. : ill. a0.00 D0.00FCBU-MAIN LIBRARY (Kitwe)H1I8.50UAVAILABLEZInternational Publications c41140d41140 00102lcc4070a001b001cInternational Publicationsd2022-11-30l0oIBRD(08)p9005025r2022-11-30w2022-11-30y002